Loreto College Library, Kolkata
WEBOPAC (ONLINE PUBLIC ACCESS CATALOGUE)

A critical history of english literature (Record no. 7284)

MARC details
000 -LEADER
fixed length control field 00522nam a2200205Ia 4500
005 - DATE AND TIME OF LATEST TRANSACTION
control field 20230208113445.0
008 - FIXED-LENGTH DATA ELEMENTS--GENERAL INFORMATION
fixed length control field 131103s9999 xx 000 0 und d
020 ## - ISBN | অাই এস বি এন
ISBN | অাই এস বি এন 8170230411
040 ## - CATALOGING SOURCE
Original cataloging agency Loreto College
041 ## - LANGUAGE CODE
Language code English
082 ## - DDC | ডিউই
Classification number | বর্গসংখ্যা 820.9
Book Number | গ্রন্থাঙ্ক DAI
100 ## - MAIN ENTRY--PERSONAL NAME | মুখ্য সংলেখ - ব্যাক্তিনাম
Personal name | ব্যাক্তিনাম Daiches, David
245 #2 - TITLE STATEMENT | অাখ্যা বিবরণী
Title | অাখ্যা A critical history of english literature
250 ## - EDITION STATEMENT | সংস্করণ ক্ষেত্র
Edition statement | সংস্করণ 2nd ed.
260 ## - IMPRINT | প্রকাশনা ক্ষেত্র
Place of publication | প্রকাশ স্থান New Delhi
Name of publisher | প্রকাশকের নাম Allied Pub
Date of publication | প্রকাশ কাল 1990
300 ## - PHYSICAL DESCRIPTION |
Page / Vol. No | পৃষ্ঠা / খন্ড সংখ্যা 4v.
650 ## - SUBJECT ADDED ENTRY--TOPICAL TERM | বিষয় শিরোনাম - মূল বিষয়
Topical term | মূল বিষয় English Literature - History and criticism
850 ## - HOLDING INSTITUTION
Holding institution LCLIB
942 ## - ADDED ENTRY ELEMENTS (KOHA)
Koha item type Books
Holdings
Withdrawn status Lost status Source of classification Damaged status Not for loan Home library Current library Date acquired Total Checkouts Full call number Accession No. Date last seen Date checked out Price effective from Koha item type Coded location qualifier
    Dewey Decimal Classification     Loreto College Loreto College 04/11/2013 7 820.9 DAI 23006 B22758 06/02/2026 28/01/2026 04/11/2013 Books  
    Dewey Decimal Classification     Loreto College Loreto College 04/11/2013 13 820.9 DAI 37556 B22763 02/05/2025 25/04/2025 04/11/2013 Books  
Withdrawn   Dewey Decimal Classification     Loreto College Loreto College 04/11/2013   820.9 DAI 36573 B22801 04/11/2013   04/11/2013 Books  
    Dewey Decimal Classification     Loreto College Loreto College 04/11/2013 11 820.9 DAI 39395 B22804 13/11/2019 13/11/2019 04/11/2013 Books  
    Dewey Decimal Classification     Loreto College Loreto College 04/11/2013 6 820.9 DAI 38304 B22805 08/11/2019 08/11/2019 04/11/2013 Books  
    Dewey Decimal Classification     Loreto College Loreto College 04/11/2013   820.9 DAI 16405 B22806 04/11/2013   04/11/2013 Books  
    Dewey Decimal Classification     Loreto College Loreto College 04/11/2013 12 820.9 DAI 36585 B22807 24/04/2025 16/04/2025 04/11/2013 Books  
    Dewey Decimal Classification     Loreto College Loreto College 04/11/2013 4 820.9 DAI 39392 B22831 21/01/2026 21/01/2026 04/11/2013 Books  
          Loreto College Loreto College 04/11/2013 4 820.9/DAI LCLIB/16405;16406;16407;16411;23004;23006;28441;36435;36573;36585;37556;38304;38306;39392;39393;39395;39391 B7154 01/01/2001 01/01/2001 04/11/2013 Books